[Event "World Rapid 2025"]
[Site "Doha QAT"]
[Date "2025.12.28"]
[Round "10.91"]
[White "Wojtaszek, Radoslaw"]
[Black "Samunenkov, Ihor"]
[Result "1-0"]
[WhiteTitle "GM"]
[BlackTitle "GM"]
[WhiteElo "2667"]
[BlackElo "2584"]
[WhiteFideId "1118358"]
[BlackFideId "14187086"]
[EventDate "2025.12.26"]

1. c4 c6 2. Nf3 d5 3. e3 Nf6 4. Qc2 g6 5. b3 Bf5 6. d3 Bg7 7. Bb2 Na6 8. a3 O-O
9. Nbd2 Rc8 10. Be2 Nc5 11. Rd1 b5 12. cxd5 cxd5 13. Qb1 a5 14. O-O b4 15. axb4
axb4 16. Rc1 Qa5 17. Nd4 Bg4 18. N4f3 e6 19. h3 Bxf3 20. Nxf3 Nfd7 21. Bxg7 Kxg7
22. Qb2+ Kg8 23. Ra1 Qd8 24. Nd2 Ra8 25. d4 Nb7 26. Rxa8 Qxa8 27. Ra1 Qb8 28.
Bb5 Nf6 29. Nf3 Nd6 30. Ba6 Nd7 31. Ne1 Ne4 32. Bf1 Nc3 33. Ra6 Rc8 34. Nd3 Nf6
35. Qa1 Nfe4 36. Qa5 Nd2 37. Qxb4 Ne2+ 38. Bxe2 Rc1+ 39. Nxc1 Qxb4 40. Rc6 Nxb3
41. Nxb3 Qxb3 42. h4 Qb1+ 43. Bf1 Kg7 44. g3 h6 45. Rc7 g5 46. hxg5 hxg5 47. Ra7
Kg6 48. Ra6 g4 49. Kg2 Kg5 50. Kg1 Kf5 51. Kg2 f6 52. Ra3 Kg5 53. Ra5 e5 54. Kg1
Kf5 55. dxe5 Kxe5 56. Ra4 f5 57. Rd4 Qc1 58. Rf4 Qb1 59. Kg2 Qb3 60. Ba6 Qc2 61.
Rd4 Qb2 62. Bd3 Qb3 63. Be2 Qb2 64. Ba6 Qb6 65. Bd3 Qb3 66. Bf1 Qb7 67. Kh2 Qb2
68. Rf4 Qb1 69. Ba6 Qc2 70. Bb5 Ke6 71. Be8 Ke5 72. Bd7 Qb1 73. Bxf5 Qe1 74.
Bxg4 Qf1 75. Bh3 Qe2 76. Kg2 Qb2 77. Bg4 Qb7 78. Bf3 Qb2 79. Rd4 Kf6 80. Rxd5
Qc3 81. g4 Qc2 82. Kg3 Qc7+ 83. Kg2 Qc2 84. Rf5+ Kg6 85. Re5 Kf6 86. Be4 Qe2 87.
Rf5+ Kg6 88. Kg3 Qe1 89. Rd5+ Kg7 90. g5 Qg1+ 91. Bg2 Kg6 92. Re5 Kh5 93. Rc5
Kg6 94. Rd5 Qb1 95. Kf4 Qg1 96. Be4+ Kh5 97. g6+ Kh6 98. f3 Qg2 99. Ke5 Qg5+
100. Kd4 Qf6+ 101. Kd3 Qa6+ 102. Kd2 Qa2+ 103. Ke1 Qa1+ 104. Ke2 Qb2+ 105. Rd2
Qb5+ 106. Ke1 Qb4 107. Ke2 Qb5+ 108. Kf2 Qe5 109. Rd7 Qb2+ 110. Kg3 Qe5+ 111.
Kg2 Qb2+ 112. Kh3 Qf2 113. Rh7+ Kg5 114. f4+ Kf6 115. Rf7+ Ke6 116. Bf5+ Kd6
117. Rd7+ Kc6 118. Re7 Kd6 119. Re6+ Kd5 120. Kg4 Qg1+ 121. Kh5 Qa1 122. Re5+
Kd6 123. g7 Qg1 124. Bg4 Qh2+ 125. Kg6 1-0

[Event "World Rapid 2025"]
[Site "Doha QAT"]
[Date "2025.12.28"]
[Round "10.92"]
[White "Svane, Rasmus"]
[Black "Aditya, Mittal"]
[Result "1/2-1/2"]
[WhiteTitle "GM"]
[BlackTitle "GM"]
[WhiteElo "2608"]
[BlackElo "2624"]
[WhiteFideId "4657101"]
[BlackFideId "35042025"]
[EventDate "2025.12.26"]

1. d4 Nf6 2. Nf3 d5 3. c4 e6 4. g3 Bb4+ 5. Bd2 Be7 6. Bg2 O-O 7. O-O c6 8. Qc2
Nbd7 9. Bf4 a5 10. Rd1 h6 11. Ne5 a4 12. a3 g5 13. Nxd7 Bxd7 14. Bd2 b5 15. cxb5
cxb5 16. Nc3 Qb6 17. h4 gxh4 18. Bxh6 hxg3 19. fxg3 Ng4 20. Qd2 Nxh6 21. Qxh6
Qd8 22. Qh5 Bg5 23. Rd3 Be8 24. Qf3 f5 25. e3 Ra7 26. Ne2 Rc7 27. Nf4 Qd6 28.
Qd1 Bf7 29. Rc1 Rfc8 30. Rxc7 Rxc7 31. Qd2 Be7 32. Rc3 b4 33. Rxc7 Qxc7 34. axb4
Qb8 35. Qc2 Bxb4 36. Qxa4 Be1 37. Kh2 Qxb2 38. Nd3 Qe2 39. Nxe1 Qxe1 40. Qa3 Kg7
41. Qb3 Qf2 42. Qc3 Qe2 43. Kg1 Kf6 44. Bf1 Qf3 1/2-1/2

[Event "World Rapid 2025"]
[Site "Doha QAT"]
[Date "2025.12.28"]
[Round "10.93"]
[White "Bilguun, Sumiya"]
[Black "Maksimovic, Bojan"]
[Result "1/2-1/2"]
[WhiteTitle "GM"]
[BlackTitle "GM"]
[WhiteElo "2442"]
[BlackElo "2533"]
[WhiteFideId "4901541"]
[BlackFideId "14408120"]
[EventDate "2025.12.26"]

1. e4 c5 2. Nc3 e6 3. Nf3 a6 4. d4 cxd4 5. Nxd4 b5 6. g3 Bb7 7. Bg2 Nc6 8. O-O
Nxd4 9. Qxd4 Ne7 10. Bf4 f6 11. Bd6 Nc6 12. Qd2 Bxd6 13. Qxd6 Qb8 14. Qd2 Ne5
15. a4 b4 16. Ne2 a5 17. Nd4 Ba6 18. Rfd1 Qb6 19. Nf3 Nxf3+ 20. Bxf3 Ra7 21.
Bh5+ g6 22. Be2 O-O 23. Bxa6 Qxa6 24. Qf4 Qc6 25. Rd2 Rc7 26. Rad1 e5 27. Qg4
Qxa4 28. b3 Qc6 29. Rxd7 Rxd7 30. Qxd7 Qxd7 31. Rxd7 Rc8 32. Rd2 Kf7 33. Kf1 Ke6
34. Ke2 f5 35. exf5+ gxf5 36. Kd1 h5 37. Rd3 Rg8 38. c4 bxc3 39. Rxc3 h4 40.
Rc6+ Kd5 41. Ra6 Ke4 42. Ke2 hxg3 43. hxg3 Rb8 44. Rxa5 Rxb3 45. Ra4+ Kd5 46.
Ra5+ Ke4 1/2-1/2

[Event "World Rapid 2025"]
[Site "Doha QAT"]
[Date "2025.12.28"]
[Round "10.94"]
[White "Isanzhulov, Arystan"]
[Black "Akobian, Varuzhan"]
[Result "1-0"]
[WhiteTitle "IM"]
[BlackTitle "GM"]
[WhiteElo "2419"]
[BlackElo "2549"]
[WhiteFideId "13711644"]
[BlackFideId "13300580"]
[EventDate "2025.12.26"]

1. e4 e6 2. d3 d5 3. Qe2 Be7 4. Nf3 Nf6 5. g3 c5 6. Bg2 Nc6 7. O-O b6 8. e5 Nd7
9. c4 d4 10. h4 Bb7 11. Bf4 h6 12. h5 Bg5 13. Qe4 Bxf4 14. Qxf4 Nb4 15. Ne1 Bxg2
16. Kxg2 Qc7 17. Qe4 O-O 18. f3 f6 19. exf6 Nxf6 20. Qe2 e5 21. Rh1 e4 22. dxe4
d3 23. Qxd3 1-0

[Event "World Rapid 2025"]
[Site "Doha QAT"]
[Date "2025.12.28"]
[Round "10.95"]
[White "Khubukshanov, Erdem"]
[Black "Sasikiran, Krishnan"]
[Result "1/2-1/2"]
[WhiteTitle "IM"]
[BlackTitle "GM"]
[WhiteElo "2502"]
[BlackElo "2538"]
[WhiteFideId "54114527"]
[BlackFideId "5004985"]
[EventDate "2025.12.26"]

1. e4 c5 2. Nf3 d6 3. d4 cxd4 4. Nxd4 Nf6 5. Nc3 a6 6. Bd3 e6 7. f4 g6 8. Be3
Bg7 9. O-O O-O 10. a4 Nc6 11. Nb3 b6 12. Kh1 Bb7 13. Qe2 Nb4 14. Rad1 Qc7 15.
Bd4 Nc6 16. Bg1 Rfe8 17. Nb1 e5 18. Nc3 Nb4 19. fxe5 Rxe5 20. Bd4 Re6 21. Qf2 d5
22. e5 Ng4 23. Qh4 Nxd3 24. cxd3 Nxe5 25. a5 bxa5 26. Qg3 Rae8 27. Rc1 Qb8 28.
Nc5 R6e7 29. h3 h5 30. N3a4 Bc6 31. Nxa6 Qb5 32. N6c5 Nxd3 33. Nc3 Qc4 34. Nxd3
Qxd4 35. Nf4 Bb7 36. Rcd1 Qe3 37. Rf3 Qe5 38. Nfxd5 Bxd5 39. Nxd5 Rb7 40. Qh4
Qxb2 41. Qa4 Re2 42. Nf4 Rd2 43. Qe8+ Kh7 44. Rdf1 Qb5 45. Qe3 Rbd7 46. h4 Rd1
47. Rxd1 Rxd1+ 48. Kh2 Qe5 49. Qa7 Qf6 50. Nh3 Qd6+ 51. Rf4 f6 52. Qxa5 Rd4 53.
g3 Rd2+ 54. Rf2 Rxf2+ 55. Nxf2 Qd4 56. Qa2 Qe3 57. Kg2 f5 58. Nh3 Be5 59. Ng5+
Kh6 60. Nf3 Bf6 61. Qd2 Qxd2+ 62. Nxd2 Kg7 63. Kf3 Kf7 64. Nc4 Ke6 65. Ne3 Be5
66. Nd1 Kd5 67. Nf2 1/2-1/2

[Event "World Rapid 2025"]
[Site "Doha QAT"]
[Date "2025.12.28"]
[Round "10.96"]
[White "Galaviz Medina, Sion Radamantys"]
[Black "Gavrilescu, David"]
[Result "1-0"]
[WhiteTitle "IM"]
[BlackTitle "GM"]
[WhiteElo "2514"]
[BlackElo "2542"]
[WhiteFideId "5123119"]
[BlackFideId "1227190"]
[EventDate "2025.12.26"]

1. d4 d5 2. Nf3 Nf6 3. c4 e6 4. Nc3 c6 5. e3 Nbd7 6. Qc2 Bd6 7. Bd3 O-O 8. O-O
dxc4 9. Bxc4 e5 10. Bb3 exd4 11. exd4 Nb6 12. Bg5 Be7 13. Rfe1 Nbd5 14. Re5 Be6
15. Rae1 Nc7 16. h3 h6 17. Bxh6 gxh6 18. Rxe6 Nxe6 19. Rxe6 fxe6 20. Qg6+ Kh8
21. Ne5 Nh7 22. Bc2 Nf6 23. Qxh6+ Kg8 24. Ne4 Nh7 25. Nc5 Ng5 26. Qg6+ Kh8 27.
Nxe6 Bf6 28. Nxg5 1-0

[Event "World Rapid 2025"]
[Site "Doha QAT"]
[Date "2025.12.28"]
[Round "10.69"]
[White "Suyarov, Mukhammadzokhid"]
[Black "Droin, Augustin"]
[Result "1-0"]
[WhiteTitle "IM"]
[BlackTitle "IM"]
[WhiteElo "2454"]
[BlackElo "2480"]
[WhiteFideId "14210495"]
[BlackFideId "45105987"]
[EventDate "2025.12.26"]

1. e4 c5 2. Nf3 d6 3. Bb5+ Nd7 4. c3 Nf6 5. Qe2 a6 6. Ba4 b5 7. Bc2 Bb7 8. d4
cxd4 9. cxd4 e6 10. O-O Rc8 11. Bd3 Be7 12. a4 O-O 13. Nbd2 bxa4 14. Rxa4 a5 15.
Ra1 Ra8 16. b3 Nb8 17. e5 dxe5 18. dxe5 Nd5 19. Ne4 Nc6 20. Bc4 Ncb4 21. Rd1 Qc7
22. Bb2 Rfd8 23. Nd4 Nb6 24. Bb5 Rac8 25. h4 Nc2 26. Rab1 Nd5 27. Bc4 Nxd4 28.
Rxd4 Nb6 29. Bd3 Rxd4 30. Bxd4 Nd5 31. Qg4 Kh8 32. Ng5 Bxg5 33. hxg5 Nb4 34. Bf1
Qc2 35. Ra1 Nc6 36. Qf4 Qxb3 37. Bc5 Kg8 38. Bd6 Qd5 39. Rb1 Ba8 40. Rc1 Rd8 41.
Rc5 Qd1 42. Qc4 Rxd6 43. exd6 Qxd6 44. Qc3 g6 45. Rb5 e5 46. Rb6 Qd5 47. Rb5 Qd6
48. Rb2 Kg7 49. Qh3 Nb4 50. Rb3 h5 51. gxh6+ Kh7 52. Ra3 Qc5 53. Qh4 Nd5 54. Rf3
Nf4 55. Qf6 Kxh6 56. Qh8+ Kg5 57. Rg3+ Kf5 58. Qxa8 Qc1 59. Re3 Qc2 60. Qxa5 Qb2
61. Qc7 f6 62. Qd7+ Kg5 63. Rg3+ Kh6 1-0

[Event "World Rapid 2025"]
[Site "Doha QAT"]
[Date "2025.12.28"]
[Round "10.70"]
[White "Shogdzhiev, Roman"]
[Black "Kobalia, Mikhail"]
[Result "1/2-1/2"]
[WhiteTitle "IM"]
[BlackTitle "GM"]
[WhiteElo "2403"]
[BlackElo "2537"]
[WhiteFideId "55653537"]
[BlackFideId "4119150"]
[EventDate "2025.12.26"]

1. e4 c6 2. d4 d5 3. e5 Bf5 4. Nf3 e6 5. Be2 Ne7 6. c3 h6 7. O-O Nd7 8. Nbd2 a5
9. a4 Bg6 10. Nh4 Bh7 11. Nb3 c5 12. Nf3 Nc6 13. Be3 cxd4 14. cxd4 Be7 15. Ne1
Nb4 16. Nd3 O-O 17. f4 Nb6 18. Nxb4 Bxb4 19. Bd3 Bxd3 20. Qxd3 Nc4 21. Rf2 Rc8
22. Raf1 f5 23. Bc1 Qd7 24. Nc5 Rxc5 25. dxc5 Bxc5 26. b3 Bxf2+ 27. Rxf2 Nb6 28.
Be3 d4 29. Qxd4 Qxd4 30. Bxd4 Nd5 31. Rc2 Nxf4 32. Bb6 Nd3 33. Rc7 Rf7 34. Rc8+
Kh7 35. Bc7 Nc5 36. Bxa5 Nxb3 37. Bb4 f4 38. Re8 Nd4 39. Bc5 Rd7 40. Bxd4 Rxd4
41. Rxe6 Rxa4 42. Rb6 Re4 43. Rxb7 Rxe5 44. Rf7 Re4 45. Kf2 Kg6 46. Kf3 Re3+ 47.
Kxf4 Re2 48. Kf3 Rxg2 49. Rxg7+ 1/2-1/2

[Event "World Rapid 2025"]
[Site "Doha QAT"]
[Date "2025.12.28"]
[Round "10.71"]
[White "Vakhidov, Jakhongir"]
[Black "Stribuk, Artiom"]
[Result "1/2-1/2"]
[WhiteTitle "GM"]
[BlackTitle "IM"]
[WhiteElo "2516"]
[BlackElo "2476"]
[WhiteFideId "14201801"]
[BlackFideId "13515659"]
[EventDate "2025.12.26"]

1. c4 c6 2. d4 d5 3. cxd5 cxd5 4. Bf4 Nf6 5. e3 Nc6 6. Bd3 Bg4 7. f3 Bh5 8. Qb3
Qd7 9. Ne2 e6 10. Bb5 Be7 11. Nbc3 O-O 12. Rc1 Rfc8 13. O-O Qd8 14. Bxc6 bxc6
15. Na4 Nd7 16. e4 Bg6 17. Ng3 Qa5 18. Kh1 Qa6 19. Rfd1 h5 20. Nc3 h4 21. Nf1 h3
22. gxh3 dxe4 23. fxe4 c5 24. d5 exd5 25. exd5 Qf6 26. Ne2 Re8 27. Nfg3 Bd6 28.
Bxd6 Qxd6 29. Qf3 Ne5 30. Qc3 c4 31. Rd4 Nd3 32. Rf1 Re3 33. Qxc4 Rae8 34. Qc6
Qe5 35. d6 Rxe2 36. d7 Rd8 37. Nxe2 Qxe2 38. Qf3 Qe6 39. Qg4 Qb6 40. b3 Ne5 41.
Qd1 Qc6+ 42. Kg1 Rxd7 43. Rxd7 Nxd7 44. Qf3 Qb6+ 45. Qf2 Qa5 46. b4 Qa3 47. h4
Nf6 48. b5 Qa4 49. Re1 Qxb5 50. Qxa7 Qb4 51. Qf2 Qg4+ 52. Qg3 Qd4+ 53. Qf2 Qa4
54. h3 Ne4 55. Qe3 Qxa2 56. h5 Bf5 57. Qf4 Qd5 58. Kh2 Nf6 59. h6 Bg6 60. hxg7
Kxg7 61. Re2 Ne4 62. h4 Nf6 63. Rg2 Nh5 64. Qb8 Qd4 65. Qb2 Qxb2 66. Rxb2 Kh6
67. Kg2 Ng7 68. Kg3 Bf5 69. Kf4 Be6 70. Ke5 Kh5 71. Rg2 Nf5 72. Rg5+ Kxh4 73.
Rxf5 Bxf5 74. Kxf5 f6 75. Kxf6 1/2-1/2

[Event "World Rapid 2025"]
[Site "Doha QAT"]
[Date "2025.12.28"]
[Round "10.72"]
[White "Halkias, Stelios"]
[Black "Ansat, Aldiyar"]
[Result "0-1"]
[WhiteTitle "GM"]
[BlackTitle "IM"]
[WhiteElo "2503"]
[BlackElo "2479"]
[WhiteFideId "4201809"]
[BlackFideId "13715658"]
[EventDate "2025.12.26"]

1. Nf3 Nf6 2. c4 e6 3. g3 d5 4. Bg2 Bd6 5. d4 Nc6 6. O-O O-O 7. b3 dxc4 8. bxc4
e5 9. c5 Be7 10. dxe5 Qxd1 11. Rxd1 Ne4 12. Ba3 Bxc5 13. Bxc5 Nxc5 14. Nc3 Bg4
15. Nb5 Bxf3 16. exf3 Nxe5 17. Nxc7 Rad8 18. f4 Ned3 19. Rab1 Rd7 20. Nd5 Rfd8
21. Ne3 b6 22. Bc6 Rd6 23. Bb5 g6 24. f5 Kg7 25. Kg2 Rd4 26. h4 Ne5 27. Rxd4
Rxd4 28. Rb2 Kf6 29. fxg6 fxg6 30. Re2 h5 31. Nc2 Rd1 32. Ne3 Rd4 33. Nc2 Rd6
34. Nb4 Ne6 35. Nc2 Rd5 36. Ba4 Nc5 37. Ne3 Rd4 38. Bc2 b5 39. Bb3 Nxb3 40. axb3
a5 41. Rc2 Rd3 42. Ra2 Nc6 43. Rc2 Nd4 44. Rc5 Rxb3 45. Nd5+ Kf7 46. Rc7+ Ke6
47. Nf4+ Kd6 48. Rg7 a4 49. Rxg6+ Kc5 50. g4 Nf3 51. gxh5 Nxh4+ 52. Kh2 Nf3+ 53.
Kg2 Nh4+ 54. Kh2 a3 55. Ra6 Nf3+ 56. Kg2 Nh4+ 57. Kh2 Rf3 58. Ne6+ Kb4 59. Ng5
Rf5 60. f4 Rxf4 61. h6 Nf5 62. h7 Rh4+ 63. Kg2 Kb3 64. Ra5 Nd4 65. Kg3 Rh6 66.
Ra6 Rxa6 67. h8=Q a2 68. Qxd4 a1=Q 69. Qd5+ Ka4 70. Ne4 Qa3+ 71. Kf4 Qc1+ 72.
Kf3 Rc6 73. Qd4+ Qc4 74. Qa7+ Kb4 75. Qe7+ Ka5 76. Qa7+ Ra6 77. Qe7 Qf1+ 78. Ke3
Qe1+ 79. Kf3 Qd1+ 80. Ke3 Qc1+ 81. Kf3 Qc6 82. Qd8+ Rb6 83. Qd2+ b4 84. Qa2+ Kb5
85. Qd2 Qe6 86. Qd3+ Ka5 87. Qd2 Qh3+ 88. Ke2 Qg2+ 89. Nf2 Re6+ 90. Kd1 Qf1+ 91.
Kc2 Re2 0-1

[Event "World Rapid 2025"]
[Site "Doha QAT"]
[Date "2025.12.28"]
[Round "10.73"]
[White "Zverev, Lev"]
[Black "Materia, Marco"]
[Result "1-0"]
[WhiteTitle "IM"]
[BlackTitle "IM"]
[WhiteElo "2453"]
[BlackElo "2497"]
[WhiteFideId "24250775"]
[BlackFideId "45150451"]
[EventDate "2025.12.26"]

1. e4 d6 2. d4 Nf6 3. Nc3 g6 4. Be3 Bg7 5. Qd2 c6 6. h3 O-O 7. Bd3 e5 8. Nf3
Nbd7 9. O-O b5 10. Rad1 Qe7 11. Rfe1 Nb6 12. b3 b4 13. Ne2 c5 14. dxc5 dxc5 15.
Ng3 Bb7 16. Bh6 Ne8 17. Nh2 Rd8 18. Bxg7 Nxg7 19. Qh6 Kh8 20. Ng4 Bc8 21. Nf5
Nxf5 22. exf5 Rg8 23. Rxe5 Qf8 24. Qxf8 Rgxf8 25. fxg6 fxg6 26. Rxc5 Bxg4 27.
hxg4 Rfe8 28. Rc7 a5 29. Rc5 a4 30. Rc6 axb3 31. axb3 Nd5 32. Bc4 Nc3 33. Rxd8
Rxd8 34. Rb6 Rd1+ 35. Kh2 Rd2 36. g5 h6 37. Rb8+ Kg7 38. Rb7+ Kh8 39. gxh6 Rxf2
40. Bd3 Rf6 41. Rxb4 Kh7 42. Rc4 Nd5 43. Rd4 Ne3 44. Re4 Nd1 45. Ra4 Kxh6 46.
Ra6 Kg5 47. Rxf6 Kxf6 48. Kg3 Nc3 49. b4 g5 50. b5 Na4 51. Kg4 Nb6 52. c4 Nd7
53. Kh5 Nc5 54. Be2 Nd7 55. Bf3 Nb6 56. c5 Na4 57. c6 Ke7 58. Kxg5 Kd6 59. Kf6
Kc7 60. g4 Nc3 61. g5 Nxb5 62. g6 Nd6 63. g7 1-0

[Event "World Rapid 2025"]
[Site "Doha QAT"]
[Date "2025.12.28"]
[Round "10.74"]
[White "Bai, Adelard"]
[Black "Drygalov, Sergey"]
[Result "1/2-1/2"]
[WhiteTitle "IM"]
[BlackTitle "GM"]
[WhiteElo "2417"]
[BlackElo "2571"]
[WhiteFideId "16301188"]
[BlackFideId "24171743"]
[EventDate "2025.12.26"]

1. d4 Nf6 2. c4 e6 3. Nc3 Bb4 4. e3 O-O 5. Bd3 d5 6. a3 dxc4 7. Bxc4 Be7 8. Nf3
c5 9. O-O Nbd7 10. Qe2 a6 11. dxc5 Nxc5 12. Rd1 Qc7 13. b4 Ncd7 14. Bb2 b5 15.
Bd3 Bb7 16. Rac1 Qb6 17. h3 Rac8 18. Nb1 Qa7 19. Nbd2 Rfd8 20. Nb3 Qa8 21. Bd4
Bd5 22. Nbd2 Rxc1 23. Rxc1 Rc8 24. Rxc8+ Qxc8 25. Qd1 Ne8 26. Qc2 Qxc2 27. Bxc2
Nd6 28. Bd3 Bd8 29. Kf1 f6 30. e4 Bc6 31. e5 Nf7 32. exf6 gxf6 33. Be4 Bxe4 34.
Nxe4 f5 35. Nc5 Nxc5 36. Bxc5 Bf6 37. Bd4 e5 38. Bc3 Kf8 39. Nd2 h5 40. Nb3 Be7
41. Ke2 Ke8 42. g3 Kd7 43. f4 e4 44. Bd4 Kc6 45. Bc5 Bf6 46. Bd4 Bd8 47. Bc5 Bf6
48. Bd4 Be7 49. Bc5 Bf6 50. Bd4 Bd8 51. Bc5 Kd5 52. Nd4 Nd6 53. Nc2 Nc4 54. Nd4
Nd6 55. Nc2 Nf7 56. Nd4 Nh6 57. Nc2 Bf6 58. Ne3+ Ke6 59. Nc2 Kd5 60. Ne3+ Ke6
61. Nc2 Nf7 62. Bd4 Be7 63. Bc5 Bf6 64. Bd4 Be7 65. Bc5 Bf6 66. Bd4 1/2-1/2

[Event "World Rapid 2025"]
[Site "Doha QAT"]
[Date "2025.12.28"]
[Round "10.75"]
[White "Morris, James"]
[Black "Rodrigue-Lemieux, Shawn"]
[Result "1/2-1/2"]
[WhiteTitle "IM"]
[BlackTitle "GM"]
[WhiteElo "2422"]
[BlackElo "2517"]
[WhiteFideId "3205800"]
[BlackFideId "2620049"]
[EventDate "2025.12.26"]

1. Nf3 d5 2. b3 c5 3. e3 Nf6 4. Bb2 a6 5. c4 Nc6 6. cxd5 Nxd5 7. Nc3 e6 8. Rc1
Nf6 9. Na4 Nd7 10. d4 cxd4 11. Nxd4 Bb4+ 12. Bc3 Bxc3+ 13. Rxc3 Nb4 14. Qd2 O-O
15. Be2 Nf6 16. Rc1 Nbd5 17. O-O e5 18. Nf3 Bg4 19. Rfd1 Qe7 20. h3 Bxf3 21.
Bxf3 e4 22. Be2 Rad8 23. Qa5 Qa3 24. Qc5 Qxa2 25. Bc4 b6 26. Nxb6 Nxb6 27. Qxb6
Rxd1+ 28. Rxd1 a5 29. Qc7 h5 30. Rd8 Rxd8 31. Qxd8+ Kh7 32. Bxf7 a4 33. Qa5 Qb1+
34. Kh2 axb3 35. Qf5+ Kh8 36. Qc8+ Kh7 37. Qf5+ Kh8 38. Qc8+ Kh7 39. Qf5+ Kh8 1/2-1/2

[Event "World Rapid 2025"]
[Site "Doha QAT"]
[Date "2025.12.28"]
[Round "10.76"]
[White "Samadov, Read"]
[Black "Averin, Nikolay"]
[Result "1/2-1/2"]
[WhiteTitle "IM"]
[BlackTitle "FM"]
[WhiteElo "2510"]
[BlackElo "2389"]
[WhiteFideId "13417444"]
[BlackFideId "24250473"]
[EventDate "2025.12.26"]

1. Nf3 d5 2. b3 c6 3. Bb2 Bf5 4. g3 h6 5. Bg2 e6 6. O-O Nd7 7. d3 Ngf6 8. Nbd2
Bh7 9. c4 Be7 10. a3 O-O 11. b4 Re8 12. Qb3 Bd6 13. Rfe1 e5 14. cxd5 cxd5 15. e4
d4 16. Nh4 g6 17. Rac1 Kg7 18. Nc4 Bc7 19. a4 Bg8 20. Ba3 Nh7 21. b5 f6 22. Qd1
Rc8 23. f4 Bxc4 24. Rxc4 exf4 25. gxf4 Bxf4 26. Qg4 Bg5 27. Rxd4 f5 28. Nxf5+
gxf5 29. Qxf5 Nhf6 30. Bb2 Qb6 31. e5 Nxe5 32. Rxe5 Rxe5 33. Qxe5 Re8 34. a5
Rxe5 35. axb6 Be3+ 36. Kh1 Bxd4 37. Bxd4 Re1+ 38. Bg1 axb6 39. Bxb7 Rb1 40. Bc6
Nh5 41. h4 Nf4 42. Kh2 Rb2+ 43. Kh1 Rb1 44. Kh2 Rb2+ 45. Kh1 Rb1 46. Kh2 Nxd3
47. Bxb6 Kf6 48. Kg3 Ke6 49. Be3 h5 50. b6 Ne5 51. Be8 Nc4 52. Bf2 Rb3+ 53. Kf4
Nxb6 54. Bxb6 Rxb6 55. Bxh5 Kf6 56. Bg4 Rb4+ 57. Kg3 Ke5 58. Bd7 Rd4 59. Bc8 Rd8
60. Ba6 Ra8 61. Bb7 Ra7 62. Bc8 Rc7 63. Ba6 Rg7+ 64. Kf3 Rg1 65. Bc8 Rc1 66. Bd7
Rd1 67. Bc8 Rd6 68. Kg4 Rg6+ 69. Kf3 Rg7 70. Ba6 Rf7+ 71. Kg3 Ke4 72. Bc8 Rc7
73. Bh3 Rg7+ 74. Bg4 Ke3 75. h5 Rg8 76. Kh3 Kf4 77. Be6 Re8 78. Bf7 Re7 79. Bg6
Re3+ 80. Kg2 Ra3 81. Kf2 Ra2+ 82. Ke1 Ke3 83. Kd1 Rh2 84. Kc1 Kd4 85. Kb1 Kc3
86. Ka1 Rg2 87. Kb1 Rb2+ 88. Kc1 Rd2 89. Kb1 Rd1+ 90. Ka2 Rd6 91. Kb1 Rf6 92.
Ka2 Rb6 93. Ka1 Re6 94. Ka2 Rf6 95. Kb1 Rf1+ 96. Ka2 Rh1 97. Bf7 Rf1 98. Bg6 Rg1
99. Bf7 Rg2+ 100. Kb1 Rb2+ 101. Ka1 Rf2 102. Be6 Rf6 103. Ba2 Rf1+ 104. Bb1 Rh1
105. h6 Rxh6 106. Ba2 Rb6 107. Bg8 Rb7 108. Be6 Re7 109. Ba2 Re2 110. Bg8 Rb2
111. Bf7 Rb4 112. Bg8 Rb5 113. Bf7 Rb6 114. Bg8 Rb2 115. Bf7 Kc2 116. Bg6+ Kb3
117. Bf7+ Ka3 118. Bg6 Rg2 119. Bh7 Kb3 120. Bf5 Re2 121. Bh7 Ra2+ 122. Kb1 Rg2
123. Ka1 Rg7 1/2-1/2

[Event "World Rapid 2025"]
[Site "Doha QAT"]
[Date "2025.12.28"]
[Round "10.97"]
[White "Krallis, Christos"]
[Black "Gholami Orimi, Mahdi"]
[Result "1/2-1/2"]
[WhiteTitle "IM"]
[BlackTitle "GM"]
[WhiteElo "2416"]
[BlackElo "2515"]
[WhiteFideId "4298896"]
[BlackFideId "12558486"]
[EventDate "2025.12.26"]

1. e4 e5 2. Nf3 Nc6 3. Bc4 Nf6 4. d3 Bc5 5. O-O d6 6. c3 a6 7. a4 Ba7 8. Nbd2
O-O 9. h3 Ne7 10. Re1 Ng6 11. Nf1 c6 12. Ng3 h6 13. Bb3 Re8 14. d4 Be6 15. Be3
Qc8 16. Bc2 Qc7 17. Qd2 Rad8 18. Rad1 b5 19. Qc1 Bb8 20. Nf5 Bxf5 21. exf5 e4
22. fxg6 exf3 23. g3 Qd7 24. Kh2 d5 25. Bf4 Ne4 26. Bxb8 Rxb8 27. Qf4 Nxf2 28.
gxf7+ Qxf7 29. Bh7+ Kxh7 30. Qxf7 Rf8 31. Qd7 Nxd1 32. Rxd1 bxa4 33. Qxc6 Rxb2+
34. Kh1 a3 35. Qc5 Re8 36. Qxd5 f2 37. Rf1 a2 38. Kg2 Re1 39. Qf5+ Kg8 40. Qc8+
Kf7 41. Qxa6 Kg8 42. Qc8+ Kh7 43. Qf5+ Kh8 44. Qc8+ Kh7 45. Qf5+ Kg8 46. Qd5+
Kh7 47. Qf5+ Kh8 48. Qc8+ Kh7 49. Qf5+ Kh8 50. Qc8+ Kh7 1/2-1/2

[Event "World Rapid 2025"]
[Site "Doha QAT"]
[Date "2025.12.28"]
[Round "10.98"]
[White "Ponkratov, Pavel"]
[Black "Al Hosani, Omran"]
[Result "1-0"]
[WhiteTitle "GM"]
[BlackTitle "IM"]
[WhiteElo "2587"]
[BlackElo "2340"]
[WhiteFideId "4157800"]
[BlackFideId "9308733"]
[EventDate "2025.12.26"]

1. Nf3 d5 2. g3 c5 3. Bg2 Nc6 4. d4 cxd4 5. Nxd4 e5 6. Nxc6 bxc6 7. c4 Nf6 8.
O-O Be7 9. Bg5 Be6 10. Nc3 e4 11. Qa4 O-O 12. Rfd1 Qb6 13. Rab1 Rfd8 14. b4 h6
15. c5 Qb7 16. Be3 a6 17. Qc2 Nd7 18. Bd4 Bf6 19. Qd2 Bxd4 20. Qxd4 Qc7 21. f4
exf3 22. exf3 Ne5 23. Na4 Nc4 24. Bf1 a5 25. Nb6 Nxb6 26. cxb6 Qb7 27. a4 axb4
28. Qxb4 c5 29. Qxc5 Rxa4 30. Ra1 Rc8 31. Qd6 Rxa1 32. Rxa1 Rc6 33. Qd8+ Kh7 34.
Rb1 Bf5 35. Rb2 Rc3 36. Qd6 d4 37. Qxd4 Rc1 38. Kf2 Qe7 39. Be2 Bc8 40. Qe4+
Qxe4 41. fxe4 Bb7 42. Bf3 Rc3 43. Bg2 Kg6 44. e5 Bxg2 45. Kxg2 Rc8 46. b7 Rb8
47. g4 h5 48. h3 hxg4 49. hxg4 Kg5 50. Kg3 f5 51. e6 f4+ 52. Kf3 Kf6 53. Rb6 g5
54. Ke4 Ke7 55. Ke5 f3 56. Rb2 Ke8 57. Rh2 f2 58. Rxf2 Rxb7 59. Kf6 Rb4 60. Ra2
Rf4+ 61. Kxg5 Rf1 62. Ra7 Re1 63. Kf6 Rf1+ 64. Kg6 Re1 65. e7 Re6+ 66. Kf5 Rf6+
67. Kg5 Rg6+ 68. Kh5 Re6 69. g5 Kf7 70. g6+ Kf6 71. g7 Re1 72. Kg4 Rg1+ 73. Kf3
Rxg7 74. e8=N+ 1-0

[Event "World Rapid 2025"]
[Site "Doha QAT"]
[Date "2025.12.28"]
[Round "10.99"]
[White "Raja, Rithvik R"]
[Black "Ganguly, Surya Shekhar"]
[Result "0-1"]
[WhiteTitle "GM"]
[BlackTitle "GM"]
[WhiteElo "2541"]
[BlackElo "2568"]
[WhiteFideId "35007394"]
[BlackFideId "5002150"]
[EventDate "2025.12.26"]

1. d4 d5 2. c4 dxc4 3. Nf3 Nf6 4. e3 e6 5. Bxc4 c5 6. O-O Be7 7. Nc3 O-O 8. e4
cxd4 9. Nxd4 Qc7 10. Qe2 Nc6 11. Nxc6 bxc6 12. Be3 Bb7 13. Rac1 c5 14. f3 Nd7
15. Kh1 Qa5 16. f4 Rad8 17. f5 exf5 18. Rxf5 Nb6 19. Bb5 a6 20. Bd3 Bc8 21. Re5
Bd6 22. Rh5 g6 23. e5 c4 24. Bc2 Be7 25. Rh6 Nd5 26. Bd2 Nxc3 27. Bxc3 Qb6 28.
e6 Bg5 29. exf7+ Rxf7 30. Qe5 Bf6 31. Qg3 Bxc3 32. Qxc3 Rdf8 33. Qxc4 Qe3 34.
Rg1 Qxh6 35. Bb3 Kh8 36. Qxf7 Rxf7 37. Bxf7 Bb7 38. Bc4 Qd2 39. b3 Qxa2 40. h3
h5 0-1